000 00590cam a22002291 4500
001 sa 68002856
003 DLC
005 20260227112447.0
008 890524s1964 np 100 0 newo
010 _asa 68002856
035 _a(OCoLC)19759498
040 _aDLC
_cWaU
_dDLC
042 _apremarc
050 0 0 _aPL3801.N56
_bB5
111 2 _aBirat Aitihasik Sahitya Sammelan,
_cKathmandu,
_d1953.
245 1 0 _aNasalā.
260 _c1084 [1964 or 5]
300 _a149 p.
_c19 cm.
500 _aIn Newari.
650 0 _aNewari literature.
700 1 _aKasā, Premabahādura,
_d1918-
999 _c79039
_d79039